<?xml version="1.0" encoding="UTF-8"?>
<record
    xmlns:xsi="http://www.w3.org/2001/XMLSchema-instance"
    xsi:schemaLocation="http://www.loc.gov/MARC21/slim http://www.loc.gov/standards/marcxml/schema/MARC21slim.xsd"
    xmlns="http://www.loc.gov/MARC21/slim">

  <leader>03316cam a2200361 i 4500</leader>
  <controlfield tag="001">19977332</controlfield>
  <controlfield tag="003">OSt</controlfield>
  <controlfield tag="005">20240823124507.0</controlfield>
  <controlfield tag="008">170905s2018    maua     b    001 0 eng  </controlfield>
  <datafield tag="010" ind1=" " ind2=" ">
    <subfield code="a">  2017954104</subfield>
  </datafield>
  <datafield tag="020" ind1=" " ind2=" ">
    <subfield code="a">9780323480635 </subfield>
  </datafield>
  <datafield tag="040" ind1=" " ind2=" ">
    <subfield code="a">DLC</subfield>
    <subfield code="b">eng</subfield>
    <subfield code="c">LC</subfield>
    <subfield code="e">rda</subfield>
    <subfield code="d">DLC</subfield>
  </datafield>
  <datafield tag="042" ind1=" " ind2=" ">
    <subfield code="a">pcc</subfield>
  </datafield>
  <datafield tag="050" ind1="0" ind2="0">
    <subfield code="a">R857.N34.N35</subfield>
  </datafield>
  <datafield tag="082" ind1="0" ind2="0">
    <subfield code="a">610.28</subfield>
    <subfield code="2">23</subfield>
  </datafield>
  <datafield tag="245" ind1="0" ind2="0">
    <subfield code="a">Nanotechnologies in preventive and regenerative medicine. /</subfield>
    <subfield code="c">[edited by] Vuk Uskokovi&#x107;, Dragon P. Uskokovi&#x107;.</subfield>
  </datafield>
  <datafield tag="264" ind1=" " ind2="1">
    <subfield code="a">Amsterdam, Netherlands:</subfield>
    <subfield code="b">Elsevier,</subfield>
    <subfield code="c">2018.</subfield>
  </datafield>
  <datafield tag="300" ind1=" " ind2=" ">
    <subfield code="a">xxv, 590 pages :</subfield>
    <subfield code="b">illustrations (some color) ;</subfield>
    <subfield code="c">25 cm.</subfield>
  </datafield>
  <datafield tag="336" ind1=" " ind2=" ">
    <subfield code="a">text</subfield>
    <subfield code="b">txt</subfield>
    <subfield code="2">rdacontent</subfield>
  </datafield>
  <datafield tag="337" ind1=" " ind2=" ">
    <subfield code="a">unmediated</subfield>
    <subfield code="b">n</subfield>
    <subfield code="2">rdamedia</subfield>
  </datafield>
  <datafield tag="338" ind1=" " ind2=" ">
    <subfield code="a">volume</subfield>
    <subfield code="b">nc</subfield>
    <subfield code="2">rdacarrier</subfield>
  </datafield>
  <datafield tag="490" ind1="0" ind2=" ">
    <subfield code="a">Micro &amp; nano technologies series</subfield>
  </datafield>
  <datafield tag="504" ind1=" " ind2=" ">
    <subfield code="a">Includes bibliographical references and index.</subfield>
  </datafield>
  <datafield tag="505" ind1=" " ind2=" ">
    <subfield code="a">Contents: Nanotechnologies for early diagnosis, in situ disease monitoring and prevention: Fluorescent nanodiamond for Tracking the engraftment and Repair of Lung Stem Cells -- Antiretroviral drug-loaded nanosystems for preventing HIV transmission -- 
Surface-enhanced Raman scattering (SERS) methods for diagnosis of infectious diseases -- Radiolabeled functional nanoparticles in preventive and regenerative medicine -- Nanotechnologies for Tissue Engineering and Regeneration: Nanoengineered/Nanopatterned materials for cell and tissue guidance -- Nanotechnologies for tissue engineering and regeneration: Nanoengineered/Nanopatterned materials for cell and tissue guidance -- Microneedles in Nanomedicine Delivery -- 
 Nano-Engineered Titania nanotube arrays for localized drug delivery and enhanced osseointegration -- 
Nanostructured scaffolds made of self-assembling proteins -- Understanding and Utilizing the biomolecule/nanosystems interface: Biomolecule immobilization and delivery strategies for controlling immune response -- Nanoproteomics approaches in biomarker discovery. The critical role of protein corona on nanoparticles as drug carriers --  
Soft materials and coatings for controlled drug release -- Dual function nanoconjugates for biomedical imaging and targeted drug delivery -- 3D Printing: prospects and challenges: Smart 3D printing and nanomaterials for tissue regeneration -- Nanomaterials in 3D bioprinting - current approaches and future possibilities -- Environmental assessment of medical nanotechnologies: What we have learnt from the life-cycle impacts of nanosilver products -- Targeted and theranostic applications for nanotechnologies in medicine: Multifunctional magnetic nanoparticles for cancer treatment -- Cell-surface engineering with magnetic nanoparticles for regenerative and bioanalytical applications -- Nanostructured calcium phosphates in theranostic nanomedicine -- Nanoparticles for brain tumor targeting -- 

</subfield>
  </datafield>
  <datafield tag="650" ind1=" " ind2="0">
    <subfield code="a">Nanomedicine.</subfield>
    <subfield code="9">3030</subfield>
  </datafield>
  <datafield tag="650" ind1=" " ind2="0">
    <subfield code="a">Medicine, Preventive.</subfield>
    <subfield code="9">3031</subfield>
  </datafield>
  <datafield tag="650" ind1=" " ind2="0">
    <subfield code="a">Regenerative medicine.</subfield>
    <subfield code="9">3032</subfield>
  </datafield>
  <datafield tag="700" ind1="1" ind2=" ">
    <subfield code="a">Uskokovi&#x107;, Vuk,</subfield>
    <subfield code="9">3033</subfield>
  </datafield>
  <datafield tag="700" ind1="1" ind2=" ">
    <subfield code="a">Uskokovi&#x107;, Dragan P.,</subfield>
    <subfield code="9">3034</subfield>
  </datafield>
  <datafield tag="906" ind1=" " ind2=" ">
    <subfield code="a">7</subfield>
    <subfield code="b">cbc</subfield>
    <subfield code="c">orignew</subfield>
    <subfield code="d">2</subfield>
    <subfield code="e">epcn</subfield>
    <subfield code="f">20</subfield>
    <subfield code="g">y-gencatlg</subfield>
  </datafield>
  <datafield tag="942" ind1=" " ind2=" ">
    <subfield code="2">lcc</subfield>
    <subfield code="c">BK</subfield>
  </datafield>
  <datafield tag="999" ind1=" " ind2=" ">
    <subfield code="c">10387</subfield>
    <subfield code="d">17887</subfield>
  </datafield>
  <datafield tag="952" ind1=" " ind2=" ">
    <subfield code="0">0</subfield>
    <subfield code="1">0</subfield>
    <subfield code="2">lcc</subfield>
    <subfield code="4">0</subfield>
    <subfield code="7">0</subfield>
    <subfield code="a">WIUC-KL</subfield>
    <subfield code="b">WIUC-KL</subfield>
    <subfield code="c">NURS L.</subfield>
    <subfield code="d">2024-08-20</subfield>
    <subfield code="o">R857.N34</subfield>
    <subfield code="p">KSN/1318/059/24</subfield>
    <subfield code="r">2024-08-23 00:00:00</subfield>
    <subfield code="t">1</subfield>
    <subfield code="w">2024-08-23</subfield>
    <subfield code="y">BK</subfield>
  </datafield>
  <datafield tag="952" ind1=" " ind2=" ">
    <subfield code="0">0</subfield>
    <subfield code="1">0</subfield>
    <subfield code="2">lcc</subfield>
    <subfield code="4">0</subfield>
    <subfield code="7">0</subfield>
    <subfield code="a">WIUC-KL</subfield>
    <subfield code="b">WIUC-KL</subfield>
    <subfield code="c">NURS L.</subfield>
    <subfield code="d">2024-08-20</subfield>
    <subfield code="o">R857.N341</subfield>
    <subfield code="p">KSN/1319/060/24</subfield>
    <subfield code="r">2024-08-23 00:00:00</subfield>
    <subfield code="t">2</subfield>
    <subfield code="w">2024-08-23</subfield>
    <subfield code="y">BK</subfield>
  </datafield>
  <datafield tag="952" ind1=" " ind2=" ">
    <subfield code="0">0</subfield>
    <subfield code="1">0</subfield>
    <subfield code="2">lcc</subfield>
    <subfield code="4">0</subfield>
    <subfield code="7">0</subfield>
    <subfield code="a">WIUC-KL</subfield>
    <subfield code="b">WIUC-KL</subfield>
    <subfield code="c">NURS L.</subfield>
    <subfield code="d">2024-08-20</subfield>
    <subfield code="o">R857.N342</subfield>
    <subfield code="p">KSN/1320/061/24</subfield>
    <subfield code="r">2024-08-23 00:00:00</subfield>
    <subfield code="t">3</subfield>
    <subfield code="w">2024-08-23</subfield>
    <subfield code="y">BK</subfield>
  </datafield>
  <datafield tag="952" ind1=" " ind2=" ">
    <subfield code="0">0</subfield>
    <subfield code="1">0</subfield>
    <subfield code="2">lcc</subfield>
    <subfield code="4">0</subfield>
    <subfield code="7">0</subfield>
    <subfield code="a">WIUC-KL</subfield>
    <subfield code="b">WIUC-KL</subfield>
    <subfield code="c">NURS L.</subfield>
    <subfield code="d">2024-08-20</subfield>
    <subfield code="o">R857.N343</subfield>
    <subfield code="p">KSN/1321/062/24</subfield>
    <subfield code="r">2024-08-23 00:00:00</subfield>
    <subfield code="t">4</subfield>
    <subfield code="w">2024-08-23</subfield>
    <subfield code="y">BK</subfield>
  </datafield>
  <datafield tag="952" ind1=" " ind2=" ">
    <subfield code="0">0</subfield>
    <subfield code="1">0</subfield>
    <subfield code="2">lcc</subfield>
    <subfield code="4">0</subfield>
    <subfield code="7">0</subfield>
    <subfield code="a">WIUC-KL</subfield>
    <subfield code="b">WIUC-KL</subfield>
    <subfield code="c">NURS L.</subfield>
    <subfield code="d">2024-08-20</subfield>
    <subfield code="o">R857.N344</subfield>
    <subfield code="p">KSN/1322/063/24</subfield>
    <subfield code="r">2024-08-23 00:00:00</subfield>
    <subfield code="t">5</subfield>
    <subfield code="w">2024-08-23</subfield>
    <subfield code="y">BK</subfield>
  </datafield>
</record>
